Materials for nuclear plants : from safe design to residual life assessments (Record no. 597806)
[ view plain ]
| 000 -LEADER | |
|---|---|
| fixed length control field | 00293nam a2200097Ia 4500 |
| 008 - FIXED-LENGTH DATA ELEMENTS--GENERAL INFORMATION | |
| fixed length control field | 230907s9999||||xx |||||||||||||| ||und|| |
| 082 ## - DEWEY DECIMAL CLASSIFICATION NUMBER | |
| Classification number | 621.4833 |
| Author Mark | HOF |
| 245 #0 - TITLE STATEMENT | |
| Title | Materials for nuclear plants : from safe design to residual life assessments |
| 260 ## - PUBLICATION, DISTRIBUTION, ETC. | |
| Place of publication, distribution, etc. | Springer: |
| Name of publisher, distributor, etc. | London; |
| Date of publication, distribution, etc. | 2013 |
| 942 ## - ADDED ENTRY ELEMENTS (KOHA) | |
| Koha item type | Book |
| Withdrawn status | Lost status | Damaged status | Not for loan | Permanent Location | Current Location | Date acquired | Total Checkouts | Full call number | Barcode | Date last seen | Price effective from | Koha item type |
|---|---|---|---|---|---|---|---|---|---|---|---|---|
| US-Pakistan Center for Advanced Studies in Energy (USPCAS-E) | US-Pakistan Center for Advanced Studies in Energy (USPCAS-E) | 01/03/2018 | 621.4833 HOF | CAS-E0001905 | 09/12/2023 | 09/12/2023 | Book |
